00433nam a22001337a 4500003000600000005001700006008004100023040000800064082002200072100001600094245012600110260004600236300001700282GBCCL20241126110733.0240814b ||||| |||| 00| 0 eng d cgbc aARC GBC-2023bINM aInmawi, Van aAn exegetical study on Paul's understanding of personal regeneration based on Ephesians 2:8-9 and Titus 3:5 /cVan Inmawi aNew Lamka : bGrace Bible college, c2023 a58p. ;c28cm